A companion to the Summa (Record no. 94862)
[ view plain ]
| 000 -LEADER | |
|---|---|
| fixed length control field | 00496nam a2200217Ia 4500 |
| 003 - CONTROL NUMBER IDENTIFIER | |
| control field | 0100 |
| 005 - DATE AND TIME OF LATEST TRANSACTION | |
| control field | 20171017110848.0 |
| 008 - FIXED-LENGTH DATA ELEMENTS--GENERAL INFORMATION | |
| fixed length control field | 130307s9999 xx 000 0 und d |
| 040 ## - CATALOGING SOURCE | |
| Transcribing agency | ARRUPELIB |
| 050 ## - LIBRARY OF CONGRESS CALL NUMBER | |
| Classification number | B765.T54F3 |
| 300 ## - PHYSICAL DESCRIPTION | |
| Other physical details | 23cm. |
| 100 ## - MAIN ENTRY--PERSONAL NAME | |
| Personal name | Farrell, Walter |
| 9 (RLIN) | 37148 |
| 245 #2 - TITLE STATEMENT | |
| Title | A companion to the Summa |
| 260 ## - PUBLICATION, DISTRIBUTION, ETC. (IMPRINT) | |
| Place of publication, distribution, etc | New York |
| 260 ## - PUBLICATION, DISTRIBUTION, ETC. (IMPRINT) | |
| Name of publisher, distributor, etc | Sheed & Ward |
| 260 ## - PUBLICATION, DISTRIBUTION, ETC. (IMPRINT) | |
| Date of publication, distribution, etc | 1945 |
| 300 ## - PHYSICAL DESCRIPTION | |
| Extent | 457p. |
| 600 ## - SUBJECT ADDED ENTRY--PERSONAL NAME | |
| Personal name | Thomas Aquinas, Sty. Summa theologiae |
| 9 (RLIN) | 37149 |
| 942 ## - ADDED ENTRY ELEMENTS (KOHA) | |
| Source of classification or shelving scheme | Library of Congress Classification |
| Koha item type | Monograph ( Printed materials) |
| Withdrawn status | Lost status | Source of classification or shelving scheme | Damaged status | Not for loan | Collection code | Home library | Current library | Shelving location | Date acquired | Total Checkouts | Full call number | Barcode | Date last seen | Copy number | Price effective from | Koha item type |
|---|---|---|---|---|---|---|---|---|---|---|---|---|---|---|---|---|
| Library of Congress Classification | Main Collection | ARRUPE LIBRARY | ARRUPE LIBRARY | Main Collection | 07/03/2013 | B765.T531 S8 F3 | 46500026047 | 07/03/2013 | 1 | 07/03/2013 | Monograph ( Printed materials) | |||||
| Library of Congress Classification | Main Collection | ARRUPE LIBRARY | ARRUPE LIBRARY | Main Collection | 07/03/2013 | B765.T531 S8 F3 | 46003024815 | 07/03/2013 | 2 | 07/03/2013 | Monograph ( Printed materials) | |||||
| Library of Congress Classification | Main Collection | ARRUPE LIBRARY | ARRUPE LIBRARY | Main Collection | 07/03/2013 | B765.T531 S8 F3 | 46003024821 | 07/03/2013 | 3 | 07/03/2013 | Monograph ( Printed materials) | |||||
| Library of Congress Classification | Main Collection | ARRUPE LIBRARY | ARRUPE LIBRARY | Main Collection | 07/03/2013 | B765.T531 S8 F3 | 46003024824 | 07/03/2013 | 4 | 07/03/2013 | Monograph ( Printed materials) | |||||
| Library of Congress Classification | Main Collection | ARRUPE LIBRARY | ARRUPE LIBRARY | Main Collection | 07/03/2013 | B765.T531 S8 F3 | 46003024603 | 07/03/2013 | 5 | 07/03/2013 | Monograph ( Printed materials) | |||||
| Library of Congress Classification | Main Collection | ARRUPE LIBRARY | ARRUPE LIBRARY | Main Collection | 07/03/2013 | B765.T531 S8 F3 | 46003024833 | 07/03/2013 | 6 | 07/03/2013 | Monograph ( Printed materials) | |||||
| Library of Congress Classification | Main Collection | ARRUPE LIBRARY | ARRUPE LIBRARY | Main Collection | 07/03/2013 | B765.T531 S8 F3 | 46003024801 | 07/03/2013 | 7 | 07/03/2013 | Monograph ( Printed materials) | |||||
| Library of Congress Classification | Main Collection | ARRUPE LIBRARY | ARRUPE LIBRARY | Main Collection | 07/03/2013 | B765.T531 S8 F3 | 46003024834 | 07/03/2013 | 8 | 07/03/2013 | Monograph ( Printed materials) |